| 000 | 004540000a22001810004500 | ||
|---|---|---|---|
| 020 | _a0-88207-752-X | ||
| 041 | 0 | _aENG | |
| 082 | 0 | 4 | _aG 291.9 B6621c |
| 100 | 1 | _aBoa, Kenneth | |
| 245 | 1 | 0 | _aCults, world religions, and you / Kenneth Boa |
| 260 | _aWheaton ,ILL., USA : Victor | ||
| 300 | _a204 Pag | ||
| 001 | 8984 | ||
| 942 | _cBK | ||
| 999 |
_c39076 _d39076 |
||
| 336 |
_atexto _btxt _2rdacontent |
||
| 337 |
_2rdamedia _asin mediación _bn |
||
| 338 |
_2rdacarrier _avolumen _bnc |
||